LDR 00601naa#a2200169#i#450# 001 EN\\bibl\126631 005 20260703154144.5 011 ## _a2587-6740 100 ## _a20260615b2026####ek#y0engy0150####ca 102 ## _aRU 200 1# _aImproving the methodology for assessing the investment attractiveness of the agricultural sector in the Krasnodar region _eJournal article 210 1# _aMoscow _cElectronic science _d2026 215 ## _a5 с. 608 ## _aJournal article _2local 675 ## _aИнвестиции. Образование капитала. 330.322 _z 700 #1 _aKhalyapin _gAlexey Alekseevich 856 4# _aqje.su _u